000 00712nam a2200217 i 4500
001 157006
003 ES-MaACL
005 20250814015826.0
008 000128s1883 fr a |||| | fre d
080 _a58
100 1 _aLanessan, Jean-Louis de.
_9182990
245 1 3 _aLa botanique /
_cpar J.-L. de Lanessan.
260 _aParis :
_bC. Reinwald,
_c1883.
300 _aVIII, 561 p. :
_bil. ;
_c18 cm.
490 1 _aBibliothèque des sciences contemporaines
599 _a132 figures intercalées dans le texte.
650 7 _aBotánica
_2embne
_910610
830 1 _aBibliothèque des sciences contemporaines
_9182450
852 4 _aES-MaACL
_jF-13377
_z- Enc. editorial en tela
999 _c157006
_d157006